Groupe de rappeurs français - Statistiques

Statistiques générales
  • Ce quiz a été pris 336 fois
  • Le résultat moyen est 10 sur 20
Statistiques - réponses
Rappeurs Groupes % Correct
Ademo, NOS PNL
95%
Barack Adama, Black M,Doomams, Gims, JR O Crom, Lefa, Maska Sexion d'Assaut
86%
Dinaz, Djadja Djadja et Dinaz
80%
Akhenaton, Freeman,Shurik'n IAM
80%
Ali, Booba Lunatic
71%
Afro S, Doc OVG,Freeze Corleone,
Norsacce Berlusconi,
Osirus Jack, Slim C, Zuukou Mayzie
667
66%
Alpha Wann, Darryl Zeuja, Fonky Flav', Nekfeu, Sneazzy 1995
65%
AP, Mokobé, Rim'K 113
63%
Alonzo, Soprano,Vicenzo Psy 4 de la rime
58%
OldPee, Syavo,Zed, Zefor 13 Block
53%
Aketo, Blacko,Tunisano SNIPER
52%
Ashe22, Gouap, Kpri, Jolly, Mini, Lyonzon
48%
Dehmo, Hache-P,Jok'air MZ
44%
Aero, Leto PSO THUG
40%
Calbo, Lino Ärsenik
35%
ADK, Black D, Cheu-B,
Jack Mess, Layonne, Leso, Le « S », Pispa
XVBARBAR
28%
Dany Dan, Melopheelo,Zoxea Sages Poètes de la rue
15%
Alkpote, Katana Unité 2 Feu
10%
Digba, Minkos Key Largo
5%
Sefyu, Exs Nysay
3%
Aucun quiz correspondant
Distribution des résultats
% des personnes avec chaque résultat
Percentile par nombre de réponses
Votre historique - résultats
Vous n’avez pas pris ce quiz